| 000 | 00493nam a22001697a 4500 | ||
|---|---|---|---|
| 003 | NUST-PNEC | ||
| 005 | 20170116180726.0 | ||
| 008 | 141106b xxu||||| |||| 00| 0 eng d | ||
| 040 | _cPNEC | ||
| 082 | _a001.42 HAB | ||
| 100 |
_9925 _aHabibullah, Dr. P. |
||
| 245 |
_aResearches on resources of Sindh _cDr. P. Habibullah Ph.D. |
||
| 260 |
_aJamshoro, Sindh : _bSindhi Adabi Board, _c1995. |
||
| 300 |
_a125 p. : _c22 cm. |
||
| 650 |
_xMIS. Computer Science _916311 _aResearch |
||
| 942 |
_2ddc _cBK |
||
| 999 |
_c61617 _d61617 |
||